| 000 | 00760nam a22002177a 4500 | ||
|---|---|---|---|
| 999 |
_c8885 _d8885 |
||
| 003 | AR-CdUCM | ||
| 008 | 190326b ||||| |||| 00| 0 spa d | ||
| 040 |
_aMUNICIPALIDAD PROVINCIAL DEL CUSCO _cBIBLIOTECA MUNICIPAL DEL CUSCO |
||
| 082 |
_a 504.1 / _bD24 |
||
| 100 |
_aDavalos Uribe, Javier _924701 |
||
| 245 |
_aTaller de servicio automotriz : _bOrganización y administración / |
||
| 260 |
_aMéxico : _bUteha, _c1962. |
||
| 300 |
_a185 páginas : _c18 cm. |
||
| 440 |
_aManuales Uteha _n144 _924702 |
||
| 505 | _aContenido : Estimación del tamaño necesario -- Organizacion y administracion ... | ||
| 650 |
_aTaller de automotriz _924703 |
||
| 650 |
_aOrganización _94866 |
||
| 650 |
_aAdministración _94472 |
||
| 942 |
_2ddc _cLIBROS |
||
| 945 | _arah | ||